LEADER 00888nam0 2200241 450 001 000029602 005 20111201101610.0 010 $a0-89356-077-4 100 $a20111201d1977----km-y0itaa50------ba 101 0 $aeng 102 $aUS 200 1 $aMasterplots$e1977 annual$eMagill's literary annual, essay-reviews of 100 outstanding books published in the United States during 1976$fedited by Frank N. Magill 210 $aNew Jersey$cSalem press$d1977 215 $aXIII, 455 p.$d22 cm. 702 1$aMagill,$bFrank N 801 0$aIT$bUniversità della Basilicata - B.I.A.$gRICA$2unimarc 912 $a000029602 996 $aMasterplots$970198 997 $aUNIBAS BAS $aLETTERE CAT $aMDL$b30$c20111201$lBAS01$h1016 FMT Z30 -1$lBAS01$LBAS01$mBOOK$1BASA1$APolo Storico-Umanistico$2FAA$BFondo anglo-americano$3FM/3739$63739$5L3739$820111201$f04$FPrestabile Didattica